000 00587nam a2200181 4500
001 121602
003 ES-MaACL
007 t|
008 070214s1983 sp r ||||1| spa d
100 1 _aPorrúa, María del Carmen.
_993169
245 1 3 _aLa Galicia decimonónica en las comedias bárbaras de Valle Inclán /
_cMaría del Carmen Porrúa.
260 _aA Coruña :
_bEdiciós do Castro,
_c1983.
300 _a288 p. ;
_c17 cm.
490 1 _aSerie liminar. Filoloxía
830 0 _aSerie liminar. Filoloxía
_9176443
852 _aES-MaACL
_jL-5406
_bR.105719
999 _c121602
_d121602